How I Met Your Mother Sudden Death Quiz - Statistics

General Stats
  • This quiz has been taken 373 times
  • The average score is 12 of 15
Answers on the Grid
Answers color-coded by a green-red scale on the quiz's grid according to % correct below.
Ted Mosby
Ryan Matthews
Lily Aldrin
Don Frank
Charlie Fairhead
Zoey Pierson
Dex Lawson
Barney Stinson
Sophia Petrillo
Brad Morris
Mark Robinson
Robin Scherbatsky
The Captain
Jessica Glitter
Scooter
Marshall Eriksen
Gil Chesterton
Victoria
Jane Figler
Mickey Aldrin
Ross Geller
Tracy McConnell
Annie Hacker
Sandy Rivers
 
Answer Stats
Answer % Correct
Robin Scherbatsky
94%
Lily Aldrin
93%
Marshall Eriksen
93%
Barney Stinson
92%
Ted Mosby
92%
The Captain
87%
Victoria
86%
Scooter
85%
Sandy Rivers
82%
Mickey Aldrin
81%
Tracy McConnell
80%
Zoey Pierson
80%
Jessica Glitter
56%
Brad Morris
55%
Don Frank
52%
No matching quizzes found
Score Distribution
Percent of People with Each Score
Percentile by Number Answered
Your Score History
You have not taken this quiz